000 01184nam a22003377a 4500
005 20240530110404.0
008 150128s2012 ua bdk f b 000 0 ara d
017 _a2000-7614
040 _aEG-CaGPL
041 0 _aara
082 0 4 _221
_a916.2
_bق/ ع ج
100 0 _aعيسى على ابراهيم
245 1 0 _aجغرافية مصر /
_cعيسى على ابراهيم
260 _aالاسكندرية :
_bدار المعرفة الجامعية ،
_c2012
300 _a364 ص :
_bايض ؛
_c24 سم
650 0 4 _aمصر
_xالحدود السياسية
650 0 4 _aالصخور النارية
_zمصر
650 0 4 _aالصخور الرملية
_zمصر
650 0 4 _aبحيرة ناصر
650 0 4 _aمصر
_xالمناخ
650 0 4 _aمصر
_xالاقاليم المناخية
650 0 4 _aمصر
_xالسكان
650 0 4 _aالموارد المائية
_zمصر
650 0 4 _aالزراعة
_zمصر
650 0 4 _aمصر
_xالتنمية الزراعية
650 0 4 _aالتعدين
_zمصر
650 0 4 _aمصر
_xالتنمية الصناعية
650 0 4 _aالسياحة
_zمصر
942 _2ddc
_cBK
999 _c60315
_d60315